Every NFL Teams Best Player O/D Through Week 9 - Statistics

General Stats
  • This quiz has been taken 38 times
  • The average score is 43 of 64
Answer Stats
Team Position # Player % Correct
Steelers WR 4 DK Metcalf
100%
Patriots QB 10 Drake Maye
100%
Jets WR 5 Garrett Wilson
100%
Bengals WR 1 Ja'Marr Chase
100%
Bills QB 17 Josh Allen
100%
Ravens QB 8 Lamar Jackson
100%
Giants DT 97 Dexter Lawrence
97%
Colts RB 28 Jonathan Taylor
97%
Browns DE 95 Myles Garrett
97%
Jaguars QB 16 Trevor Lawrence
97%
Dolphins RB 28 De'Von Achane
94%
Jets DT 95 Quinnen Williams
94%
Steelers DE/LB 90 T.J. Watt
94%
Bengals DE 91 Trey Hendrickson
91%
Titans QB 1 Cam Ward
88%
Patriots CB 0 Christian Gonzalez
88%
Browns RB 10 Quinshon Judkins
85%
Eagles WR 6 Devonta Smith
82%
Dolphins S 29 Minkah Fitzpatrick
82%
Lions QB 16 Jared Goff
76%
Packers QB 10 Jordan Love
76%
Chargers QB 10 Justin Herbert
76%
Chiefs QB 15 Patrick Mahomes
76%
Lions DE 97 Aiden Hutchinson
73%
Chiefs DT 95 Chris Jones
73%
Vikings WR 18 Justin Jefferson
73%
Bills LB 58 Matt Milano
73%
Raiders DE 98 Maxx Crosby
73%
Raiders RB 2 Ashton Jeanty
70%
Buccaneers QB 6 Baker Mayfield
70%
Falcons RB 7 Bijan Robinson
70%
Giants QB 6 Jaxson Dart
70%
Texans RB 27 Woody Marks
70%
Saints WR 12 Chris Olave
67%
49ers RB 23 Christian McCaffrey
67%
Broncos RB 27 J.K. Dobbins
67%
Packers DE 1 Micah Parsons
67%
Texans LB 51 Will Anderson Jr.
67%
Cowboys WR 3 George Pickens
64%
Rams WR 12 Puka Nacua
64%
Bears WR 15 Rome Odunze
64%
Eagles CB 33 Cooper DeJean
61%
Chargers S 3 Derwin James
61%
Cardinals TE 85 Trey McBride
61%
Saints LB 56 DeMario Davis
58%
49ers LB 54 Fred Warner
58%
Seahawks WR 11 Jaxson Smith-Njigba
58%
Panthers RB 5 Rico Dowdle
55%
Bears CB 1 Jaylon Johnson
48%
Falcons S 3 Jessie Bates
48%
Buccaneers LB 54 Lavonte David
48%
Cardinals CB 0 Will Johnson
48%
Panthers CB 8 Jaycee Horn
45%
Cowboys CB 26 Daron Bland
39%
Seahawks CB 21 Devon Witherspoon
39%
Jaguars LB 41 Josh Hines-Allen
39%
Commanders RB 22 Bill Crosky-Merritt
36%
Rams DE/LB 8 Jared Verse
36%
Broncos LB 15 Nick Bonitto
36%
Colts LB 44 Zaire Franklin
33%
Commanders LB 4 Frankie Luvu
24%
Vikings LB 58 Jonathan Greenard
18%
Ravens CB 44 Marlon Humphery
15%
Titans DT 98 Jeffery Simmons
12%
No matching quizzes found
Score Distribution
Percent of People with Each Score
Percentile by Number Answered
Your Score History
You have not taken this quiz